LEADER 01058nam0-2200325---450- 001 990009683700403321 005 20130218154918.0 010 $a9788897083313 035 $a000968370 035 $aFED01000968370 035 $a(Aleph)000968370FED01 035 $a000968370 100 $a20130214d2011----km-y0itay50------ba 101 0 $aita 102 $aIT 105 $aae--ac--003yy 200 1 $aTopografia artistica del Duomo di Napoli$edalla fondazione angioina alla riforma settecentesca del cardinale Giuseppe Spinelli$fMaria Alasia Lombardo Di Cumia 210 $aNapoli$cPaparo$dc2011 215 $a406 p.$cill.$d24 cm 300 $aSul front.: Università degli Studi di Napoli Federico II 610 0 $aNapoli$aDuomo 676 $a726.60945731$v21 700 1$aLombardo Di Cumia,$bMaria Alasia$0519035 801 0$aIT$bUNINA$gREICAT$2UNIMARC 901 $aBK 912 $a990009683700403321 952 $a726.609 CUM 1$bbibl. 63097$fFLFBC 959 $aFLFBC 996 $aTopografia artistica del Duomo di Napoli$9839173 997 $aUNINA LEADER 03278nam 22006852 450 001 9910812407803321 005 20240405041425.0 010 $a1-315-72884-2 010 $a1-317-54414-5 010 $a1-84465-890-2 024 7 $a10.4324/9781315728841 035 $a(CKB)3710000000087071 035 $a(EBL)1782461 035 $a(SSID)ssj0001115504 035 $a(PQKBManifestationID)11607049 035 $a(PQKBTitleCode)TC0001115504 035 $a(PQKBWorkID)11084055 035 $a(PQKB)10207686 035 $a(MiAaPQ)EBC1782461 035 $a(Au-PeEL)EBL1782461 035 $a(CaPaEBR)ebr10834930 035 $a(CaONFJC)MIL644344 035 $a(OCoLC)890531512 035 $a(OCoLC)891659511 035 $a(OCoLC)872669971 035 $a(FINmELB)ELB136695 035 $a(UkCbUP)CR9781844658909 035 $a(EXLCZ)993710000000087071 100 $a20140214d2011|||| uy| 0 101 0 $aeng 135 $aur||||||||||| 181 $ctxt$2rdacontent 182 $cc$2rdamedia 183 $acr$2rdacarrier 200 00$a2012 $edecoding the countercultural apocalypse /$fedited by Joseph Gelfer$b[electronic resource] 205 $a1st ed. 210 1$aDurham :$cAcumen Publishing,$d2011. 215 $a1 online resource (xi, 203 pages) $cdigital, PDF file(s) 300 $aTitle from publisher's bibliographic system (viewed on 02 Oct 2015). 311 $a1-322-13090-6 311 $a1-84553-639-8 320 $aIncludes bibliographical references and index. 327 $aIntroduction / Joseph Gelfer -- The 2012 phenomenon: new uses for an ancient Maya calendar (Robert K. Sitler) -- Maya prophecies, 2012 and the problematic nature of truth / Mark van Stone -- Mayanism comes of (new) age? John. W. Hoopes -- The 2012 milieu? hybridity, diversity and stigmatised knowledge / Pete Lentini -- Chich?n itz? and chicken little: how pseudosciences embraced 2012 / Kristine Larsen -- Roland Emmerich's 2012: a simple truth / Andrea Austin -- The 2012 movement, visionary arts and psytrance culture / Graham St John -- In a prophetic voice: Australasia 2012 / Joseph Gelfer -- Approaching 2012: modern misconceptions vs. reconstructing ancient maya perspectives / John Major Jenkins. 330 $a21 December 2012 was believed to mark the end of the thirteenth B'ak'tun cycle in the Long Count of the Mayan calendar. Many people believed this date to mark the end of the world or, at the very least, a shift to a new form of global consciousness. Examining how much of the phenomenon is based on the historical record and how much is contemporary fiction, the book explores the landscape of the modern apocalyptic imagination, the economics of the spiritual marketplace, the commodification of countercultural values, and the cult of celebrity. 606 $aTwo thousand twelve, A.D 606 $aTwenty-first century$vForecasts 606 $aProphecies 606 $aEnd of the world 615 0$aTwo thousand twelve, A.D. 615 0$aTwenty-first century 615 0$aProphecies. 615 0$aEnd of the world. 676 $a001.9 702 $aGelfer$b Joseph 801 0$bUkCbUP 801 1$bUkCbUP 906 $aBOOK 912 $a9910812407803321 996 $a2012$94082151 997 $aUNINA